[Event "Negombo op 2nd"]
[Site "Negombo"]
[Date "2016.08.16"]
[Round "8"]
[White "Kandearachchi, Niranga"]
[Black "Vidyarathna, Anjitha"]
[Result "1-0"]
[WhiteElo "1981"]
[BlackElo "1375"]
[PlyCount "29"]
[EventDate "2016.08.13"]
[EventType "swiss"]
[EventRounds "9"]
[EventCountry "SRI"]
[SourceTitle "EXT 2019"]
[Source "ChessBase"]
[SourceDate "2018.10.10"]
[SourceVersion "1"]
[SourceVersionDate "2018.10.10"]
[SourceQuality "1"]

1. d4 Nf6 2. c4 e5 3. dxe5 Ng4 4. Nc3 Nxe5 5. e3 Nbc6 6. f4 Ng6 7. Nf3 Bb4 8. Bd2 0-0 9. Bd3 d6 10. 0-0 Nh4 11. Bxh7+ Kxh7 12. Ng5+ Kh6 13. Qe1 Nf5 14. e4 Bc5+ 15. Kh1 1-0